000 00811nam a22003010a 4500
001 PT59201
003 AR-LpoUNG
005 20260120152308.0
008 201001s2017||||ag |||||||||||||||||spa d
020 _a9789876302708
_c$4
040 _aAR-LpoUNG
_bspa
_eaacr
041 0 _aspa
044 _aag
082 0 _aA863 723jor
100 1 _aArlt, Roberto
245 1 3 _aEl jorobadito
250 _a1ra. ed.
260 _aLos Polvorines :
_bUniversidad Nacional de General Sarmiento,
_c2017.
300 _a41 p. :
_btbls., gráfs.
490 0 _aContra Tiempos
650 4 _aARGENTINA
650 4 _aCUENTOS
650 4 _aLITERATURA
653 0 _aLITERATURA ARGENTINA
856 4 0 _uhttp://repositorio.ungs.edu.ar:8080/xmlui/handle/UNGS/808
_yTexto completo
905 _a59201
942 _cLIB
_2ddc
999 _c51513
_d51513